Addresses on the epistles of John and an exposition of the epistle of Jude. (Record no. 6126)

000 -LEADER
fixed length control field 00691nam a2200193 a 4500
001 - CONTROL NUMBER
control field :::00003869$&:&@@
003 - CONTROL NUMBER IDENTIFIER
control field OkBaRHE
005 - DATE AND TIME OF LATEST TRANSACTION
control field 20000607103313.0
008 - FIXED-LENGTH DATA ELEMENTS--GENERAL INFORMATION
fixed length control field s1973 j 000 0 eng u
040 ## - CATALOGING SOURCE
Transcribing agency
100 1# - MAIN ENTRY--PERSONAL NAME
Personal name Ironside, H. A. (Henry Allan), 1876-1951.
245 10 - TITLE STATEMENT
Title Addresses on the epistles of John and an exposition of the epistle of Jude.
260 ## - PUBLICATION, DISTRIBUTION, ETC. (IMPRINT)
Place of publication, distribution, etc Neptune, NJ., :
Name of publisher, distributor, etc Loizeaux Brothers, Inc.
Date of publication, distribution, etc 1973
300 ## - PHYSICAL DESCRIPTION
Extent 296 p. ;
Dimensions 19 cm.
650 ## - SUBJECT ADDED ENTRY--TOPICAL TERM
Topical term or geographic name as entry element Bible New Testament Epistles of John
General subdivision Sermons
650 ## - SUBJECT ADDED ENTRY--TOPICAL TERM
Topical term or geographic name as entry element Bible New Testament Jude
General subdivision Commentaries
942 ## - ADDED ENTRY ELEMENTS (KOHA)
Source of classification or shelving scheme
Koha item type Books
Copies
Date checked out Copy number Price effective from Barcode Current Location Total Renewals Damaged status Full call number Total Checkouts Source of classification or shelving scheme Permanent Location Date last seen Lost status Not for loan Date acquired Koha item type Shelving location Withdrawn status
2018-04-0212010-04-143869RHEMA Bible Training College1 BS 2805 .I72 RHEMA Bible Training College2018-04-05  2010-04-14BooksGeneral Stacks